000 00486nam a2200145Ia 4500
008 100122s9999 xx 000 0 und d
082 _b24632
_a823
100 _aकवीश्वर छबुताई
245 _aआला क्षण गेला क्षण
260 _bसुरस प्रकाशन
_c1976
300 _a87
630 _aआला क्षण गेला क्षण
730 _aआला क्षण गेला क्षण
942 _cBOOK
999 _c411813
_d411810